000 01819nam a2200265Ia 4500
999 _c50556
_d50556
001 17506
003 GE_BSU
005 20200213145235.0
008 181216s2015ru xx |||||||||||||| ||rus||
020 _a 978-5-86547-372-5
040 _cGE_BSU
080 _a811.161.1 Э-84
100 _aЭсмантова, Татьяна.
_97072
245 _aРусский язык : 5 элементов. Уровень-B1 :
_bУровень B1 (базовый - первый сертификационный) /
_cТатьяна Эсмантова ; Ред . И.В.Евстратова.
250 _a2-е издание
264 _aСанкт-Петербург :
_bЗлатоуст,
_c2015.
300 _a340 стр.:
_bил,
_c27см.
300 _b+CD/MP3 формат
653 _aи разноуровневых группах и представляет материал в соответствии с требованиями «Общеевропейских компетенций владения иностранным языком»
653 _aНастоящий комплекс "Пять элементов" представляет собой первое учебное издание по русскому языку как иностранному, организованное по модульному принципу — с нуля до уровня, близкого к первому сертификационному. Рекомендуется, прежде всего, для интенсивного курса в учебных группах открытого типа и раз
653 _aРусский язык. 5 элементов
653 _aრუსული ენა
700 _aЕвстратова, И.В
_eრედაქტორი
_97062
942 _cBK
_2udc